| 000 | 00389nam a22001337a 4500 | ||
|---|---|---|---|
| 082 | _aCP15 | ||
| 100 |
_aNadeem Anwar Qureshi, Dr Maj _950857 |
||
| 245 |
_aSurveying -II, CE286, course pack _cOD-80/CED-81 |
||
| 250 | _aSpring semester | ||
| 260 |
_aMCE _bNadeem Anwar Qureshi, Dr Maj _c2015 |
||
| 526 |
_a0 _b0 _c0 _dCP_000000000000000_15 |
||
| 650 |
_acourse pack _950858 |
||
| 942 |
_2ddc _cBKB |
||
| 999 |
_c553585 _d553585 |
||